Censos nacionales de 1973: población, tomo 1
Wedi'i Gadw mewn:
| Awdur Corfforaethol: | |
|---|---|
| Fformat: | Texto |
| Cyhoeddwyd: |
San José :
MEIC. DGEC. Sección de Publicaciones
|
| Tagiau: |
Ychwanegu Tag
Dim Tagiau, Byddwch y cyntaf i dagio'r cofnod hwn!
|
MARC
| LEADER | 00000 a a2200000 04500 | ||
|---|---|---|---|
| 001 | 39193 | ||
| 003 | |||
| 040 | |||
| 090 | |a 1001 CR8375c 1975 T.1(5) | ||
| 110 | |a Costa Rica. Ministerio de Economía, Industria y Comercio. Dirección General de Estadística y Censos | ||
| 245 | |a Censos nacionales de 1973: población, tomo 1 | ||
| 260 | |a San José : |b MEIC. DGEC. Sección de Publicaciones | ||
| 300 | |a 500 p | ||
| 999 | |c 1527 |d 1527 | ||
